Marxismus a rasová otázka

Saved in:
Bibliographic Details
Format: Book
Language:Slovak
Published: Bratislava Tatran 1951
Tags: Add Tag
No Tags, Be the first to tag this record!

MARC

LEADER 00000nam a2200000 4500
001 0315316
005 20260309084726.3
041 0 |a slo 
044 |a SK 
245 1 0 |a Marxismus a rasová otázka  |c St. Heyman 
264 1 |a Bratislava  |b Tatran  |c 1951